Field Problems of Important Crops (Record no. 10363)
[ view plain ]
| 000 -LEADER | |
|---|---|
| fixed length control field | 00483nam a22002057a 4500 |
| 003 - CONTROL NUMBER IDENTIFIER | |
| control field | OSt |
| 005 - DATE AND TIME OF LATEST TRANSACTION | |
| control field | 20241024112221.0 |
| 008 - FIXED-LENGTH DATA ELEMENTS--GENERAL INFORMATION | |
| fixed length control field | 241024b |||||||| |||| 00| 0 eng d |
| 040 ## - CATALOGING SOURCE | |
| Transcribing agency | MRSPTU |
| 041 ## - LANGUAGE CODE | |
| Language code of text/sound track or separate title | ENG |
| 082 ## - DEWEY DECIMAL CLASSIFICATION NUMBER | |
| Classification number | 633 |
| Item number | NA-F |
| 100 ## - MAIN ENTRY--PERSONAL NAME | |
| Personal name | Nandpuri, K.S. |
| 245 ## - TITLE STATEMENT | |
| Title | Field Problems of Important Crops |
| 250 ## - EDITION STATEMENT | |
| Edition statement | 7th |
| 260 ## - PUBLICATION, DISTRIBUTION, ETC. | |
| Place of publication, distribution, etc. | Ludhiana |
| Name of publisher, distributor, etc. | PAU |
| Date of publication, distribution, etc. | 2023 |
| 300 ## - PHYSICAL DESCRIPTION | |
| Extent | 254 |
| 650 ## - SUBJECT ADDED ENTRY--TOPICAL TERM | |
| Topical term or geographic name entry element | Agriculture |
| 700 ## - ADDED ENTRY--PERSONAL NAME | |
| Personal name | Singh, Bhajan & Singh, Jaspinder |
| 942 ## - ADDED ENTRY ELEMENTS (KOHA) | |
| Source of classification or shelving scheme | Dewey Decimal Classification |
| Koha item type | Book |
| Suppress in OPAC | No |
| Withdrawn status | Lost status | Source of classification or shelving scheme | Damaged status | Not for loan | Home library | Current library | Date acquired | Total checkouts | Full call number | Barcode | Date last seen | Price effective from | Koha item type | Date last checked out |
|---|---|---|---|---|---|---|---|---|---|---|---|---|---|---|
| Dewey Decimal Classification | MRSPTU Central Library | MRSPTU Central Library | 10/24/2024 | 633 NA-F | 41510 | 10/24/2024 | 10/24/2024 | Book | ||||||
| Dewey Decimal Classification | MRSPTU Central Library | MRSPTU Central Library | 10/24/2024 | 2 | 633 NA-F | 41511 | 09/29/2025 | 10/24/2024 | Book | 09/15/2025 | ||||
| Dewey Decimal Classification | MRSPTU Central Library | MRSPTU Central Library | 10/24/2024 | 2 | 633 NA-F | 41512 | 06/02/2025 | 10/24/2024 | Book | 05/13/2025 | ||||
| Dewey Decimal Classification | MRSPTU Central Library | MRSPTU Central Library | 10/24/2024 | 633 NA-F | 41513 | 10/24/2024 | 10/24/2024 | Book |
